La invasión /

Benicio busca a su padre en medio de la batalla. Está búsqueda lo llevará a las entrañas del combate y allí encontrará la amistad, el amor y el peligro. Criollos, españoles, ingleses e indios componen esta historia, situada a principios del siglo XIX, en los albores de la Revolución de Mayo

Guardado en:
Autor Principal: Mariño, Ricardo
Otros Autores: Nine, Lucas; il.
Formato: Libro
Publicado: Buenos Aires : Alfaguara, 2010.
Edición:1a ed.
Series:Alfaguara Infantil. Naranja
Materias:
Etiquetas: Agregar Etiqueta
Sin Etiquetas, Sea el primero en etiquetar este registro!
LEADER 00995nam a22002415a 4500
001 CEM.cems020052
008 230502s2010##################000#0#####d
005 20230502102908.0
245 1 0 |a La invasión /  |c Ricardo Mariño ; ilustrado por Lucas Nine. 
250 |a 1a ed. 
260 |a Buenos Aires :  |b Alfaguara,  |c 2010. 
300 |a 104 p. 
490 0 |a Alfaguara Infantil. Naranja 
520 |a Benicio busca a su padre en medio de la batalla. Está búsqueda lo llevará a las entrañas del combate y allí encontrará la amistad, el amor y el peligro. Criollos, españoles, ingleses e indios componen esta historia, situada a principios del siglo XIX, en los albores de la Revolución de Mayo 
020 |a 9789870413967 
100 1 |a Mariño, Ricardo 
700 1 |a Nine, Lucas; il. 
082 0 4 |a A863.4 
653 |a Literatura infantil 
653 |a Literatura juvenil 
653 |a Novela 
653 |a Literatura Argentina 
859 |a CEMS  |b BIB. CEMS - Agricultura  |h A863.4  |i M339-7  |p A3524.23  |t Ej.1